5HLuxD.jpg

KING HENRY VIII SENIOR AND PRIMARY SCHOOL LIBRARY OPAC

Fermat's last theorem : (Record no. 305)

000 -LEADER
fixed length control field 01274nam a2200421 i 4500
001 - CONTROL NUMBER
control field 021128959
003 - CONTROL NUMBER IDENTIFIER
control field UkOxU
005 - DATE AND TIME OF LATEST TRANSACTION
control field 20190805154107.0
008 - FIXED-LENGTH DATA ELEMENTS--GENERAL INFORMATION
fixed length control field 030529t20051997enka b 001 0 eng d
020 ## - INTERNATIONAL STANDARD BOOK NUMBER
International Standard Book Number 1841157910
020 ## - INTERNATIONAL STANDARD BOOK NUMBER
International Standard Book Number 9781841157917
035 ## - SYSTEM CONTROL NUMBER
System control number (UkLCURL)010001273392
035 ## - SYSTEM CONTROL NUMBER
System control number (UkOxU)15541840
035 ## - SYSTEM CONTROL NUMBER
System control number (UkLCURL)0715541840
035 ## - SYSTEM CONTROL NUMBER
System control number (UkLeU)b29069403
035 ## - SYSTEM CONTROL NUMBER
System control number (UkLoRLUK)04
038 ## - RECORD CONTENT LICENSOR
Record content licensor UkLoRLUK
040 ## - CATALOGING SOURCE
Original cataloging agency UkCU
Language of cataloging eng
Description conventions rda
Transcribing agency UkCU
Modifying agency UkOxU
041 0# - LANGUAGE CODE
Language code of text/sound track or separate title eng
049 ## - LOCAL HOLDINGS (OCLC)
Local processing data c
049 ## - LOCAL HOLDINGS (OCLC)
Local processing data c
082 ## - DEWEY DECIMAL CLASSIFICATION NUMBER
Classification number 512.74 SIN
090 ## - LOCALLY ASSIGNED LC-TYPE CALL NUMBER (OCLC); LOCAL CALL NUMBER (RLIN)
Classification number (OCLC) (R) ; Classification number, CALL (RLIN) (NR) Oxf
Local cutter number (OCLC) ; Book number/undivided call number, CALL (RLIN) QA 244 SIN
100 1# - MAIN ENTRY--PERSONAL NAME
Personal name Singh, Simon,
Relator term author.
245 10 - TITLE STATEMENT
Title Fermat's last theorem :
Remainder of title the story of a riddle that confounded the world's greatest minds for 358 years /
Statement of responsibility, etc. Simon Singh.
264 #1 - PRODUCTION, PUBLICATION, DISTRIBUTION, MANUFACTURE, AND COPYRIGHT NOTICE
Place of production, publication, distribution, manufacture London :
Name of producer, publisher, distributor, manufacturer Harper Perennial,
Date of production, publication, distribution, manufacture, or copyright notice 2005.
264 #4 - PRODUCTION, PUBLICATION, DISTRIBUTION, MANUFACTURE, AND COPYRIGHT NOTICE
Date of production, publication, distribution, manufacture, or copyright notice ©1997
300 ## - PHYSICAL DESCRIPTION
Extent xxii, 340 pages :
Other physical details illustrations (black & white) ;
Dimensions 20 cm.
336 ## - CONTENT TYPE
Content type term text
Source rdacontent
337 ## - MEDIA TYPE
Media type term unmediated
Source rdamedia
338 ## - CARRIER TYPE
Carrier type term volume
Source rdacarrier
504 ## - BIBLIOGRAPHY, ETC. NOTE
Bibliography, etc. note Includes bibliographical references and index.
600 10 - SUBJECT ADDED ENTRY--PERSONAL NAME
Personal name Wiles, Andrew.
650 #0 - SUBJECT ADDED ENTRY--TOPICAL TERM
Topical term or geographic name entry element Fermat's last theorem
Form subdivision Popular works.
700 ## - ADDED ENTRY--PERSONAL NAME
Personal name Lynch, John
Relator term Writer of foreword
942 ## - ADDED ENTRY ELEMENTS (KOHA)
Source of classification or shelving scheme
Koha item type Books - Non Ficton
Holdings
Withdrawn status Lost status Source of classification or shelving scheme Damaged status Not for loan Collection code Permanent Location Current Location Shelving location Date acquired Total Checkouts Total Renewals Full call number Barcode Date last seen Date last checked out Price effective from Koha item type
          Non-Fiction KH8 Senior School Library KH8 Senior School Library Non Fiction 2019-08-05 3 2 512.74 SIN 3KHSL000100114 2024-07-24 2024-01-15 2019-08-05 Books - Non Ficton

Powered By KH8 IT Dept